LEADER 01301nam a2200289 i 4500 001 991002654169707536 005 20020508203831.0 008 950317s1995 it ||| | ita 020 $a8802049092 035 $ab11041390-39ule_inst 035 $aPARLA166660$9ExL 040 $aDip.to Filol. Class. e di Scienze Filosofiche$bita 100 1 $aThemistius$0162465 245 10$aDiscorsi /$cTemistio ; a cura di Riccardo Maisano 260 $aTorino :$bUTET,$cc1995 300 $a1108 p. ;$c[8] c. di tav. :$bill. ;$c24 cm. 500 $aTesto latino a fronte. 700 1 $aMaisano, Riccardo 907 $a.b11041390$b07-10-13$c28-06-02 912 $a991002654169707536 945 $aLE007 UTET Cl. Gr. Themistius 01$g1$i2007000033418$lle007$o-$pE0.00$q-$rn$so $t0$u1$v1$w1$x0$y.i11164268$z28-06-02 945 $aLE007 UTET Cl. Gr. Themistius 01 $g2$i2007000033425$lle007$o-$pE0.00$q-$rn$so $t0$u0$v0$w0$x0$y.i1116427x$z28-06-02 945 $aLE007 UTET Cl. Gr. Themistius 01 $g3$i2015000116475$lle007$o-$pE0.00$q-$rn$so $t0$u0$v0$w0$x0$y.i14467914$z31-05-07 945 $aLE005 MF 47 H 5$g1$i2005000232251$lle005$o-$pE0.00$q-$rl$s- $t0$u1$v0$w1$x0$y.i11164281$z28-06-02 996 $aOrationes$913466 997 $aUNISALENTO 998 $a(3)le007$ale005$b01-01-95$cm$da $e-$fita$git $h0$i5 LEADER 02298nam 2200565z- 450 001 9910557239403321 005 20211118 035 $a(CKB)5400000000041555 035 $a(oapen)https://directory.doabooks.org/handle/20.500.12854/73107 035 $a(oapen)doab73107 035 $a(EXLCZ)995400000000041555 100 $a20202111d2019 |y 0 101 0 $aeng 135 $aurmn|---annan 181 $ctxt$2rdacontent 182 $cc$2rdamedia 183 $acr$2rdacarrier 200 00$aWith Obesity Becoming the New Normal, What Should We Do? 210 $cFrontiers Media SA$d2019 215 $a1 online resource (167 p.) 311 08$a2-88945-943-8 330 $aThis eBook is a collection of articles from a Frontiers Research Topic. Frontiers Research Topics are very popular trademarks of the Frontiers Journals Series: they are collections of at least ten articles, all centered on a particular subject. With their unique mix of varied contributions from Original Research to Review Articles, Frontiers Research Topics unify the most influential researchers, the latest key findings and historical advances in a hot research area! Find out more on how to host your own Frontiers Research Topic or contribute to one as an author by contacting the Frontiers Editorial Office: frontiersin.org/about/contact 606 $aEndocrinology$2bicssc 606 $aMedicine and Nursing$2bicssc 610 $abody mass index 610 $achildhood obesity 610 $adiabetes 610 $aepidemic 610 $afat 610 $aheart 610 $aNAFLD 610 $aobesity 610 $apolycystic ovary syndrome 610 $aweight loss 615 7$aEndocrinology 615 7$aMedicine and Nursing 700 $aSamaras$b Katherine$4edt$0893526 702 $aTevaearai$b Hendrik$4edt 702 $aGoldman$b Michel$4edt 702 $ale Coutre$b Johannes$4edt 702 $aHolly$b Jeff M. P$4edt 702 $aSamaras$b Katherine$4oth 702 $aTevaearai$b Hendrik$4oth 702 $aGoldman$b Michel$4oth 702 $ale Coutre$b Johannes$4oth 702 $aHolly$b Jeff M. P$4oth 906 $aBOOK 912 $a9910557239403321 996 $aWith Obesity Becoming the New Normal, What Should We Do$93036861 997 $aUNINA